000 00453nam a2200157Ia 4500
008 230711s9999||||xx |||||||||||||| ||und||
041 _aENG
082 _a624
_bKA-V
100 _aKandiah,Arulanandan
245 0 _aVerification of numerical procedures for the analysis of soil liquefaction problems
250 _a1st . Ed.
260 _c1993
_aNew York
_bA A Balkema Publishers
650 _aCivil Engineering
700 _aScott,Ronald F
942 _cBK
999 _c3557
_d3557